Catálogo
 En Linea

Contra los titanes de la rutina : (Registro nro. 36989)

Detalles MARC
000 -CABECERA
campo de control de longitud fija 01102nam a2200217 a 4500
001 - NÚMERO DE CONTROL
campo de control 000037499
005 - FECHA Y HORA DE LA ÚLTIMA TRANSACCIÓN
campo de control 20200930080410.0
008 - DATOS DE LONGITUD FIJA--INFORMACIÓN GENERAL
campo de control de longitud fija 120420s1994 sp 001 0 spa d
020 ## - NÚMERO INTERNACIONAL ESTÁNDAR DEL LIBRO
Número Internacional Estándar del Libro 8445107623
040 ## - FUENTE DE LA CATALOGACIÓN
Centro catalogador/agencia de origen DO-SdBNP
Lengua de catalogación spa
Centro/agencia transcriptor BNPHU
041 17 - CÓDIGO DE LENGUA
Código de lengua del texto/banda sonora o título independiente spa
Código de lengua del sumario o resumen fren
245 00 - MENCIÓN DE TÍTULO
Título Contra los titanes de la rutina :
Resto del título encuentro, en Madrid, de investigadores hispano-franceses sobre la historia y la filosofía de la matemática = Contre les titans de la routine : rencontre à Madrid de chercheurs hispano-français sur l'histoire et la philosophie de la mathématique : /
Mención de responsabilidad, etc. editores Santiago Garma, Dominique Flament, Víctor Navarro.
246 10 - FORMA VARIANTE DE TÍTULO
Título propio/Titulo breve Contre les titans de la routine :
Resto del título rencontre à Madrid de chercheurs hispano-français sur l'histoire et la philosophie de la mathématique :
260 ## - PUBLICACIÓN, DISTRIBUCIÓN, ETC.
Lugar de publicación, distribución, etc. Madrid :
Nombre del editor, distribuidor, etc. Comunidad de Madrid :,
Fecha de publicación, distribución, etc. 1994.
300 ## - DESCRIPCIÓN FÍSICA
Extensión XI, 495 p. ;
Dimensiones 21 cm.
500 ## - NOTA GENERAL
Nota general Incluye notas al pie de las páginas
500 ## - NOTA GENERAL
Nota general Incluye índice
504 ## - NOTA DE BIBLIOGRAFÍA, ETC.
Nota de bibliografía, etc. bibliografía : p. 479 -480
700 1# - PUNTO DE ACCESO ADICIONAL--NOMBRE DE PERSONA
Nombre de persona Flament, D.
Forma completa/desarrollada del nombre (Dominique),
Fechas asociadas al nombre 1953-
9 (RLIN) 63951
700 1# - PUNTO DE ACCESO ADICIONAL--NOMBRE DE PERSONA
Nombre de persona Navarro Brotons, Víctor.
9 (RLIN) 63952
Existencias
Estado de retiro Estado de pérdida Restricciones de uso No para préstamo Código de colección Localización permanente Ubicación/localización actual Ubicación en estantería Fecha de adquisición Número de inventario Total de préstamos Signatura topográfica completa Código de barras Fecha visto por última vez Precio válido a partir de Tipo de ítem Koha
      Excluido de préstamo Monografías: Libros y Folletos General General En catalogación 20.04.2012 LF1   37499-10 25.06.2020 25.06.2020 No se presta

Con tecnología Koha